00924cam a2200217 a 450000100100000000500170001000800410002702000150006804000250008308200150010824501520012326001670027530000360044249000190047850000620049750400740055970000180063370000190065170000180067083000180068800001057120200929162242.0930920s1991 ck 000 0 spa  z9586430154 aDO-SdBNPbspacBNPHU axxxxbxxxx00aSantander y la opinión angloamericana :bvisión de viajeros y periódicos, 1821-1840 /cFrancis Hall, William Duane ; compilador David Sowell. aBogotá :bFundación para la conmemoración del bicentenario del natalicio y el sesquicentenario de la muerte del general Francisco de Paula Santander,c1991. axxviii, 523 p. :bil. ;c24 cm.1 aMonográfica, aIncluye índices onomástico, toponímico y temático aIncluye referencias bibliográficas y notas al pie de las páginas.1 aHall, Francis1 aDuane, William1 aSowell, David 0aMonográfica